Normal view
MARC view
Entry Personal Name
001 - CONTROL NUMBER
- control field: 1137584
003 - CONTROL NUMBER IDENTIFIER
- control field: OSt
005 - DATE AND TIME OF LATEST TRANSACTION
- control field: 20260323120918.0
008 - FIXED-LENGTH DATA ELEMENTS
- fixed length control field: 260323|| aca||aabn | a|a d
040 ## - CATALOGING SOURCE
- Original cataloging agency: OSt
- Transcribing agency: OSt
100 ## - HEADING--PERSONAL NAME
- Personal name: राव, पी. वी. नरसिंह
670 ## - SOURCE DATA FOUND
- Source citation: Work cat.: (OSt)1466643: सत्यनारायण, विश्वनाथ 860526, सहस्त्रफण , 2010.
